000 00395nam a2200145Ia 4500
008 230711s9999||||xx |||||||||||||| ||und||
041 _aENG
082 _a624
_bSA-E
100 _aSawicki,Eugene
245 0 _aHandbook of environmental genotoxicology: age and genotoxicology
250 _a1st . . Ed.
260 _c1986
_aNew York
_bCRC Press Florida
650 _aCivil Engineering
942 _cBK
999 _c3181
_d3181